000 00580nam a2200217Ia 4500
003 OSt
005 20220926044530.0
006 a|||||r|||| 00| 0
007 ta
008 220923b |||||||| |||| 00| 0 eng d
037 _cGeneral Book
040 _aRTL
_cRTL
_beng
041 _2eng
_aeng
082 _aX.2.N5t4, J8.19
110 _aIndia Cabinet Secretariat
_9262415
245 0 _aReport on small scale manufacture
260 _c1958
700 _aIndia Cabinet Secretariat
_9262416
942 _hX.2.N5t4, J8.19
_cGB
_2CC
999 _c675133
_d675133